00341nam a2200109Ia 4500008004100000082000800041100002100049245004200070942000600112952009800118999001500216240331s9999 xx 000 0 und d bRAJ aRajathurai, S.V. 0aRussiap puradchi Illakkiya chadchiyam cL 001040708LaWERCLbWERCLcSSCd2024-03-31l0o 322.42 RAJp1395r2024-03-31w2024-03-31yL c2399d2399